[Event "South America-ch U16 11th"]
[Site "Montevideo"]
[Date "2014.09.14"]
[Round "9"]
[White "Filipps, Yamil"]
[Black "Cruz, Arquias Sofocles"]
[Result "0-1"]
[WhiteElo "1836"]
[BlackElo "1976"]
[PlyCount "131"]
[EventDate "2014.09.08"]
[EventType "swiss"]
[EventRounds "9"]
[EventCountry "URU"]
[SourceTitle "EXT 2016"]
[Source "ChessBase"]
[SourceDate "2015.10.08"]
[SourceVersion "1"]
[SourceVersionDate "2015.10.08"]
[SourceQuality "1"]

1. d4 e6 2. Nf3 Nf6 3. Bf4 d5 4. e3 Be7 5. Nbd2 c5 6. c3 Nc6 7. Bd3 0-0 8. Ne5 Bd7 9. Qf3 c4 10. Bc2 b5 11. g4 Nxe5 12. dxe5 Ne8 13. e4 Bc6 14. Qh3 d4 15. cxd4 Qxd4 16. Rb1 Bb4 17. Qe3 Qxe3+ 18. Bxe3 Nc7 19. a3 Bxd2+ 20. Bxd2 a5 21. f3 Rfb8 22. Ke2 b4 23. Be3 Na6 24. Bd4 Rd8 25. Rbd1 b3 26. Bb1 a4 27. Be3 Rd7 28. Bb6 Rb7 29. Bd4 Kf8 30. Rd2 Rd7 31. Rhd1 Rad8 32. f4 Ke8 33. f5 Nc7 34. Bc5 Rxd2+ 35. Rxd2 Rxd2+ 36. Kxd2 Nb5 37. f6 g6 38. Bb4 Bb7 39. Ke3 Ba6 40. Kf4 h6 41. h4 Bb7 42. Ke3 Ba6 43. Kf2 Bb7 44. Ke3 Ba6 45. Ke2 c3 46. Kd1 c2+ 47. Bxc2 bxc2+ 48. Kxc2 h5 49. gxh5 gxh5 50. Bc5 Kd7 51. Be3 Kc6 52. Bf2 Nc7 53. Kd2 Kd7 54. Ke3 Kc6 55. Kf4 Be2 56. Kg5 Kd7 57. Kh6 Na6 58. Ba7 Bf3 59. Kg7 Ke8 60. Kh6 Kf8 61. Kg5 Kg8 62. Kf4 Bd1 63. Ke3 Kh8 64. Kd4 Bc2 65. Ke3 Bb3 66. Bb6 0-1

[Event "South America-ch U16 11th"]
[Site "Montevideo"]
[Date "2014.09.11"]
[Round "5"]
[White "Escalante Ramirez, Brian Sebastian"]
[Black "Cruz, Arquias Sofocles"]
[Result "1/2-1/2"]
[WhiteElo "1969"]
[BlackElo "1976"]
[PlyCount "101"]
[EventDate "2014.09.08"]
[EventType "swiss"]
[EventRounds "9"]
[EventCountry "URU"]
[SourceTitle "EXT 2016"]
[Source "ChessBase"]
[SourceDate "2015.10.08"]
[SourceVersion "1"]
[SourceVersionDate "2015.10.08"]
[SourceQuality "1"]

1. e4 e6 2. d4 d5 3. Nd2 Nf6 4. e5 Nfd7 5. Bd3 c5 6. c3 Nc6 7. Ne2 cxd4 8. cxd4 f6 9. exf6 Nxf6 10. Nf3 Bd6 11. 0-0 Qc7 12. Bg5 0-0 13. Bh4 Nh5 14. Qc2 h6 15. Bh7+ Kh8 16. Bg6 Rxf3 17. Bxh5 Bxh2+ 18. Kh1 Rf5 19. Bg6 Bd6 20. Bxf5 exf5 21. Rae1 Qf7 22. Bg3 Bb4 23. Rd1 Bd7 24. a3 Ba5 25. b4 Bb6 26. Qd2 Re8 27. Rfe1 Re4 28. f3 Qh5+ 29. Kg1 Nxd4 30. Nxd4 Rxd4 31. Qxd4 Bxd4+ 32. Rxd4 Qg6 33. Be5 Bc6 34. Kf2 Kg8 35. Re3 Qf7 36. Rc3 Qe7 37. Re3 Qd7 38. Rd2 Bb5 39. Rc3 Qe6 40. Bd4 Qe7 41. Re3 Qh4+ 42. Kg1 Qf4 43. Bxa7 Qc4 44. Red3 Qxd3 45. Rxd3 Bxd3 46. g3 b5 47. Kf2 Kf7 48. Ke3 Bc4 49. Bd4 g6 50. Be5 Ke6 51. Bg7 1/2-1/2

[Event "South America-ch U16 11th"]
[Site "Montevideo"]
[Date "2014.09.10"]
[Round "4"]
[White "Cruz, Arquias Sofocles"]
[Black "Correa Atucsa, Breiner Roiser"]
[Result "1/2-1/2"]
[WhiteElo "1976"]
[BlackElo "1903"]
[PlyCount "49"]
[EventDate "2014.09.08"]
[EventType "swiss"]
[EventRounds "9"]
[EventCountry "URU"]
[SourceTitle "EXT 2016"]
[Source "ChessBase"]
[SourceDate "2015.10.08"]
[SourceVersion "1"]
[SourceVersionDate "2015.10.08"]
[SourceQuality "1"]

1. e4 e6 2. d4 d5 3. Nd2 Nf6 4. e5 Nfd7 5. Bd3 c5 6. c3 Nc6 7. Ne2 cxd4 8. cxd4 f6 9. exf6 Nxf6 10. Nf3 Bd6 11. 0-0 Qc7 12. Bg5 0-0 13. Bh4 Nh5 14. Rc1 g6 15. Bb5 Bd7 16. Nc3 Rxf3 17. Qxf3 Nxd4 18. Qg4 Nxb5 19. Nxb5 Bxh2+ 20. Kh1 Qf4 21. Qh3 Bxb5 22. Rfe1 Bd7 23. Qxh2 Rc8 24. Rxc8+ Bxc8 25. Qxf4 1/2-1/2

[Event "Maringa op 4th"]
[Site "Maringa"]
[Date "2014.08.23"]
[Round "7"]
[White "Santos, Renato Andrade"]
[Black "Cruz, Arquias Sofocles"]
[Result "1/2-1/2"]
[WhiteElo "2180"]
[BlackElo "1975"]
[PlyCount "45"]
[EventDate "2014.08.20"]
[EventType "swiss"]
[EventRounds "9"]
[EventCountry "BRA"]
[SourceTitle "EXT 2015"]
[Source "ChessBase"]
[SourceDate "2014.11.20"]
[SourceVersion "1"]
[SourceVersionDate "2014.11.20"]
[SourceQuality "1"]

1. Nc3 d5 2. e4 e6 3. d4 Bb4 4. e5 c5 5. a3 Bxc3+ 6. bxc3 Ne7 7. Nf3 b6 8. Bb5+ Bd7 9. Bd3 c4 10. Be2 Ba4 11. 0-0 h6 12. h4 Kd7 13. h5 Qg8 14. Nh4 Qh7 15. Ra2 g5 16. Nf3 Kc7 17. Nh2 Nd7 18. Ng4 Nf5 19. g3 Raf8 20. Kh2 Ng7 21. Ne3 f5 22. Ng2 Rf7 23. f4 1/2-1/2

[Event "BRA-ch U16"]
[Site "Tres Rios"]
[Date "2014.05.10"]
[Round "5.1"]
[White "Sousa, Felipe Mazim De"]
[Black "Cruz, Arquias Sofocles"]
[Result "1/2-1/2"]
[WhiteElo "1746"]
[BlackElo "1925"]
[PlyCount "66"]
[EventDate "2014.05.08"]
[EventType "swiss"]
[EventRounds "6"]
[EventCountry "BRA"]
[SourceTitle "EXT 2022"]
[Source "ChessBase"]
[SourceDate "2021.10.06"]
[SourceVersion "1"]
[SourceVersionDate "2021.10.06"]
[SourceQuality "1"]

1. d4 e6 2. c4 Nf6 3. g3 d5 4. cxd5 exd5 5. Bg2 Be7 6. Nf3 0-0 7. 0-0 Nbd7 8. Nc3 c6 9. Re1 Re8 10. b3 Nf8 11. Bb2 Ng6 12. Qc2 Bg4 13. h3 Bd7 14. Ne5 Qc8 15. Nxd7 Qxd7 16. e3 Bb4 17. a3 Bxc3 18. Qxc3 Ne4 19. Qd3 Qf5 20. Qe2 Re6 21. Qf3 Qxf3 22. Bxf3 Nd2 23. Bd1 Ne4 24. a4 Rf6 25. Re2 Ne7 26. Kg2 Re8 27. Bc2 Nf5 28. Bd3 g5 29. b4 h5 30. Rc1 g4 31. h4 a6 32. Ba3 Ned6 33. Rb2 Nxe3+ 1/2-1/2

[Event "BRA-ch U16"]
[Site "Tres Rios"]
[Date "2014.05.09"]
[Round "3.1"]
[White "Goncalves, Ruan Lucas Alves"]
[Black "Cruz, Arquias Sofocles"]
[Result "0-1"]
[WhiteElo "1920"]
[BlackElo "1925"]
[PlyCount "76"]
[EventDate "2014.05.08"]
[EventType "swiss"]
[EventRounds "6"]
[EventCountry "BRA"]
[SourceTitle "EXT 2022"]
[Source "ChessBase"]
[SourceDate "2021.10.06"]
[SourceVersion "1"]
[SourceVersionDate "2021.10.06"]
[SourceQuality "1"]

1. e4 e6 2. d3 d5 3. Nd2 Nf6 4. Ngf3 c5 5. g3 g6 6. Bg2 Bg7 7. 0-0 0-0 8. Re1 Nc6 9. c3 a5 10. Qc2 b6 11. Nf1 h6 12. h4 Ba6 13. e5 Nd7 14. Bf4 Bb7 15. a3 b5 16. N1h2 Ne7 17. Qd2 Kh7 18. Ng4 Nf5 19. Rac1 Nb6 20. Ne3 Nxe3 21. Bxe3 Rc8 22. Bf4 Qe7 23. Nh2 h5 24. Nf3 Rc7 25. Bg5 Qd7 26. Be3 Rfc8 27. Bf4 Ra8 28. Qe3 Nc8 29. Kh2 Ne7 30. Ng5+ Kg8 31. Qe2 Nf5 32. Bh3 Nh6 33. Qd2 Rf8 34. Re2 Ng4+ 35. Bxg4 hxg4 36. Ree1 d4 37. cxd4 Qxd4 38. Qxa5 Qxf2# 0-1

[Event "Bairro op"]
[Site "Bairro Buritizal"]
[Date "2014.04.13"]
[Round "6"]
[White "Cruz, Arquias Sofocles"]
[Black "Lemos, Dawton Almino"]
[Result "1-0"]
[WhiteElo "1905"]
[BlackElo "2053"]
[PlyCount "71"]
[EventDate "2014.04.11"]
[EventType "swiss"]
[EventRounds "6"]
[EventCountry "BRA"]
[SourceTitle "CBM 160 Extra"]
[Source "ChessBase"]
[SourceDate "2014.07.01"]
[SourceVersion "1"]
[SourceVersionDate "2014.07.01"]
[SourceQuality "1"]

1. e4 e6 2. d4 d5 3. Nd2 Nf6 4. e5 Nfd7 5. Bd3 b6 6. Ndf3 Be7 7. Nh3 Ba6 8. Bg5 Bxd3 9. Bxe7 Qxe7 10. Qxd3 Qb4+ 11. Ke2 c5 12. a3 Qa4 13. c3 c4 14. Qd1 b5 15. Nd2 Nb6 16. Nf4 Nc6 17. b3 cxb3 18. Qxb3 Na5 19. Qb4 Qxb4 20. axb4 Nac4 21. Nxc4 dxc4 22. Ra6 Na4 23. Kd2 0-0 24. g3 Rfb8 25. Ke2 Rb6 26. Ra5 Rb7 27. Ng2 h5 28. Ne3 Rc8 29. Rd1 Rc6 30. d5 exd5 31. Rxd5 a6 32. Rd8+ Kh7 33. Ra8 Re7 34. f4 Ree6 35. Nf5 g6 36. Nd4 1-0

[Event "Bairro op"]
[Site "Bairro Buritizal"]
[Date "2014.04.11"]
[Round "1"]
[White "Camargo, Luca Oshiro"]
[Black "Cruz, Arquias Sofocles"]
[Result "0-1"]
[WhiteElo "1781"]
[BlackElo "1905"]
[PlyCount "64"]
[EventDate "2014.04.11"]
[EventType "swiss"]
[EventRounds "6"]
[EventCountry "BRA"]
[SourceTitle "CBM 160 Extra"]
[Source "ChessBase"]
[SourceDate "2014.07.01"]
[SourceVersion "1"]
[SourceVersionDate "2014.07.01"]
[SourceQuality "1"]

1. e4 e5 2. Nc3 Bb4 3. Nf3 d6 4. a3 Ba5 5. Be2 Nf6 6. h3 Bxc3 7. dxc3 Nxe4 8. Bd3 Nf6 9. Bg5 Be6 10. 0-0 Nbd7 11. Re1 Nc5 12. b4 Ncd7 13. Re4 h6 14. Bxf6 Nxf6 15. Re1 Qd7 16. Qe2 g5 17. Nh2 0-0-0 18. a4 g4 19. g3 gxh3 20. Qf3 Qe7 21. Ba6 Bd5 22. Qf5+ Be6 23. Qd3 bxa6 24. Qxa6+ Kd7 25. Qxa7 h5 26. Rad1 Ke8 27. Qe3 h4 28. g4 Nxg4 29. Nxg4 Bxg4 30. f3 Bd7 31. b5 Qe6 32. f4 Qg4+ 0-1

[Event "Bairro op"]
[Site "Bairro Buritizal"]
[Date "2014.04.11"]
[Round "2"]
[White "Cruz, Arquias Sofocles"]
[Black "Marra, Eduardo da Costa"]
[Result "1/2-1/2"]
[WhiteElo "1905"]
[BlackElo "2237"]
[PlyCount "71"]
[EventDate "2014.04.11"]
[EventType "swiss"]
[EventRounds "6"]
[EventCountry "BRA"]
[SourceTitle "CBM 160 Extra"]
[Source "ChessBase"]
[SourceDate "2014.07.01"]
[SourceVersion "1"]
[SourceVersionDate "2014.07.01"]
[SourceQuality "1"]

1. e4 d6 2. d4 Nf6 3. Nc3 Nbd7 4. Nf3 e5 5. Bc4 Be7 6. 0-0 0-0 7. a4 c6 8. b3 h6 9. Ba3 Re8 10. Re1 Qc7 11. Qd2 Nb6 12. Bf1 Bg4 13. Re3 Rad8 14. h3 Bxf3 15. Rxf3 d5 16. a5 Nc8 17. exd5 Nxd5 18. Nxd5 Rxd5 19. Bc4 Rxd4 20. Bxf7+ Kh8 21. Qe2 Rf8 22. Bb2 e4 23. Rg3 Bf6 24. Bxd4 Bxd4 25. Rd1 Bc5 26. Qh5 Bxf2+ 27. Kxf2 Qf4+ 28. Kg1 Qxg3 29. Qg6 Qe5 30. Bc4 Ne7 31. Qd6 Qg5 32. Qe6 e3 33. Rd7 Ng6 34. Rf7 Rd8 35. Rd7 Rf8 36. Rf7 1/2-1/2

[Event "Sao Paulo op-A U2300"]
[Site "Sao Paulo"]
[Date "2014.04.04"]
[Round "2"]
[White "Cruz, Arquias Sofocles"]
[Black "Marra, Eduardo da Costa"]
[Result "0-1"]
[WhiteElo "1905"]
[BlackElo "2237"]
[PlyCount "54"]
[EventDate "2014.04.03"]
[EventType "swiss"]
[EventRounds "6"]
[EventCountry "BRA"]
[SourceTitle "CBM 159 Extra"]
[Source "ChessBase"]
[SourceDate "2014.04.24"]
[SourceVersion "1"]
[SourceVersionDate "2014.04.24"]
[SourceQuality "1"]

1. e4 d6 2. d4 Nf6 3. Nc3 Nbd7 4. Nf3 e5 5. Bc4 Be7 6. 0-0 0-0 7. a4 c6 8. b3 h6 9. Bb2 Re8 10. Re1 Qc7 11. dxe5 dxe5 12. Qe2 Nf8 13. Nh4 Ne6 14. Bxe6 Bxe6 15. Qf3 g6 16. h3 Nh5 17. Nf5 Bf8 18. Ne3 Nf4 19. Rad1 Bb4 20. Ng4 Bxg4 21. Qxg4 Qa5 22. Re3 Rad8 23. g3 h5 24. Qh4 Rxd1+ 25. Nxd1 Be7 26. Bc3 Qd8 27. Qxe7 Rxe7 0-1

[Event "Mogi das Cruzes op 09"]
[Site "Mogi das Cruzes"]
[Date "2013.09.29"]
[Round "6"]
[White "Fiaes, Mario Henrique"]
[Black "Cruz, Arquias Sofocles"]
[Result "1-0"]
[WhiteElo "2088"]
[BlackElo "1854"]
[PlyCount "195"]
[EventDate "2013.09.26"]
[EventType "swiss"]
[EventRounds "7"]
[EventCountry "BRA"]
[SourceTitle "CBM 156 Extra"]
[Source "ChessBase"]
[SourceDate "2013.10.22"]
[SourceVersion "1"]
[SourceVersionDate "2013.10.22"]
[SourceQuality "1"]

1. e4 e5 2. f4 exf4 3. Nf3 Be7 4. Bc4 d6 5. d4 Nf6 6. Nc3 0-0 7. Bd3 Bg4 8. Bxf4 Nc6 9. Be3 Nb4 10. Be2 d5 11. e5 Ne4 12. 0-0 f6 13. a3 Nc6 14. exf6 Bxf6 15. Bb5 Ne7 16. Qe1 Nd6 17. Bd3 Bf5 18. Ng5 Bxd3 19. cxd3 Qd7 20. Nf3 Ndf5 21. Bf2 Ng6 22. Qd2 Rae8 23. Rac1 c6 24. Na4 b6 25. b4 c5 26. Nc3 Nxd4 27. Bxd4 Bxd4+ 28. Nxd4 Rxf1+ 29. Rxf1 cxd4 30. Ne2 Qg4 31. Nf4 Qg5 32. Qc1 Ne5 33. Qc7 Rf8 34. g3 Ng6 35. Kh1 Nxf4 36. Rxf4 Rxf4 37. gxf4 Qf5 38. Qb8+ Qf8 39. Qxa7 Qxf4 40. Qa8+ Kf7 41. Qxd5+ Kf6 42. Qc6+ Kg5 43. Qg2+ Kf6 44. a4 Qc1+ 45. Qg1 Qc6+ 46. Qg2 Qc1+ 47. Qg1 Qc6+ 48. Qg2 Qxa4 49. Qf3+ Kg6 50. Qe4+ Kh6 51. Qf4+ Kg6 52. Qxd4 Qc6+ 53. Kg1 Qc1+ 54. Kg2 Qc2+ 55. Kf3 Qxh2 56. Qxb6+ Kh5 57. Qb5+ g5 58. Qe8+ Kh6 59. Qe6+ Kg7 60. Qd7+ Kh6 61. b5 Qf4+ 62. Ke2 Qh2+ 63. Kd1 Qg1+ 64. Kc2 Qc5+ 65. Kb3 Kh5 66. Qxh7+ Kg4 67. Qb7 Qd6 68. Kc4 Qe6+ 69. Qd5 Qc8+ 70. Qc5 Qe6+ 71. Kb4 Qe1+ 72. Qc3 Qe7+ 73. Kb3 Qd7 74. b6 Kh5 75. d4 Qb5+ 76. Qb4 Qd5+ 77. Kb2 Qg2+ 78. Kc3 Qf3+ 79. Kc4 Qc6+ 80. Qc5 Qe6+ 81. d5 Qe2+ 82. Kb4 Qe1+ 83. Kb5 Qe2+ 84. Qc4 Qe8+ 85. Qc6 Qe2+ 86. Kc5 Qf2+ 87. Kd6 Qf6+ 88. Kc7 Qe7+ 89. Qd7 Qc5+ 90. Kb7 g4 91. d6 g3 92. Qh3+ Kg5 93. Qxg3+ Kf6 94. Qf3+ Ke6 95. Qc6 Qd4 96. d7+ Ke7 97. Qc7 Qd5+ 98. Kb8 1-0

[Event "Mogi das Cruzes op 09"]
[Site "Mogi das Cruzes"]
[Date "2013.09.28"]
[Round "5"]
[White "Cruz, Arquias Sofocles"]
[Black "Chaves, Vagner"]
[Result "1-0"]
[WhiteElo "1854"]
[BlackElo "1674"]
[PlyCount "79"]
[EventDate "2013.09.26"]
[EventType "swiss"]
[EventRounds "7"]
[EventCountry "BRA"]
[SourceTitle "CBM 156 Extra"]
[Source "ChessBase"]
[SourceDate "2013.10.22"]
[SourceVersion "1"]
[SourceVersionDate "2013.10.22"]
[SourceQuality "1"]

1. e4 d6 2. d4 Nf6 3. Nc3 g6 4. Be3 Bg7 5. Qd2 c6 6. f3 b5 7. 0-0-0 a5 8. g4 a4 9. h4 h5 10. gxh5 Nxh5 11. Nge2 Na6 12. f4 Qa5 13. Bg2 b4 14. Nb1 Bg4 15. Rhg1 Qb5 16. Bf1 Be6 17. Ng3 Bc4 18. Nxh5 Rxh5 19. f5 Bxf1 20. Rdxf1 b3 21. cxb3 axb3 22. a3 c5 23. fxg6 f6 24. Nc3 Qc4 25. Qe2 Qxe2 26. Nxe2 cxd4 27. Nxd4 Rc8+ 28. Kb1 Rxh4 29. Nf5 Rxe4 30. Nxg7+ Kf8 31. Nf5 Re5 32. g7+ Kg8 33. Nh6+ Kh7 34. g8Q+ Rxg8 35. Nxg8 Rxe3 36. Rg2 Rh3 37. Nxe7 Nc5 38. Rfg1 Ne6 39. Nd5 f5 40. Nf6+ 1-0

[Event "Mogi das Cruzes op 09"]
[Site "Mogi das Cruzes"]
[Date "2013.09.28"]
[Round "4"]
[White "Guimaraes, Artemis Pamela"]
[Black "Cruz, Arquias Sofocles"]
[Result "1-0"]
[WhiteElo "1996"]
[BlackElo "1854"]
[PlyCount "85"]
[EventDate "2013.09.26"]
[EventType "swiss"]
[EventRounds "7"]
[EventCountry "BRA"]
[SourceTitle "CBM 156 Extra"]
[Source "ChessBase"]
[SourceDate "2013.10.22"]
[SourceVersion "1"]
[SourceVersionDate "2013.10.22"]
[SourceQuality "1"]

1. e4 e6 2. d4 d5 3. Nd2 Nf6 4. e5 Nfd7 5. Bd3 c5 6. c3 Nc6 7. Ne2 cxd4 8. cxd4 f6 9. Nf4 Nxd4 10. Qh5+ Ke7 11. Ng6+ hxg6 12. exf6+ Nxf6 13. Qxh8 Kf7 14. Qh4 e5 15. Nf3 Nxf3+ 16. gxf3 Bf5 17. Bxf5 gxf5 18. Bg5 Qa5+ 19. Kf1 Be7 20. Kg2 d4 21. Rhe1 Bb4 22. Red1 Rg8 23. a3 Bd6 24. Qh3 g6 25. Bxf6 Kxf6 26. Qh7 Qd5 27. Qh4+ g5 28. Qh6+ Kf7 29. Qh7+ Kf6 30. h3 g4 31. Qh4+ Kf7 32. Qh7+ Kf6 33. Qh4+ Kf7 34. Qh5+ Rg6 35. Qxf5+ Rf6 36. Qh7+ Ke6 37. Qg8+ Rf7 38. Qxg4+ Ke7 39. Qe4 Rg7+ 40. Kh2 Qg8 41. Rg1 Qh7 42. Rxg7+ Qxg7 43. Qxb7+ 1-0

[Event "Sao Paulo Braga Memorial 2nd"]
[Site "Sao Paulo"]
[Date "2013.07.05"]
[Round "1"]
[White "Cruz, Arquias Sofocles"]
[Black "Della Morte, German"]
[Result "1-0"]
[WhiteElo "1828"]
[BlackElo "2322"]
[PlyCount "79"]
[EventDate "2013.07.05"]
[EventType "swiss"]
[EventRounds "9"]
[EventCountry "BRA"]
[SourceTitle "CBM 155 Extra"]
[Source "ChessBase"]
[SourceDate "2013.08.26"]
[SourceVersion "1"]
[SourceVersionDate "2013.08.26"]
[SourceQuality "1"]

1. e4 c5 2. Nf3 e6 3. c4 Nc6 4. d4 cxd4 5. Nxd4 Nf6 6. Nc3 Bb4 7. Nxc6 bxc6 8. Bd3 e5 9. 0-0 d6 10. Qc2 0-0 11. a3 Bc5 12. Rb1 Nh5 13. b4 Bb6 14. Ne2 Qe7 15. a4 g6 16. a5 Bc7 17. Bh6 Re8 18. f4 Bg4 19. fxe5 Qxe5 20. Qb2 d5 21. Qxe5 Bxe5 22. cxd5 cxd5 23. Nf4 dxe4 24. Bb5 Rec8 25. Nd5 Bd6 26. Rf6 Be6 27. Bd7 Bxd7 28. Rxd6 Rd8 29. Ne7+ Kh8 30. Rbd1 Rdb8 31. Rxd7 Nf6 32. R7d4 Re8 33. Bg5 Ng4 34. Rxe4 f5 35. Rxg4 Kg7 36. Rc4 h6 37. Bh4 g5 38. Nxf5+ Kg6 39. Rd6+ Kxf5 40. g4+ 1-0

[Event "FENAJ-ch U16"]
[Site "Brazil"]
[Date "2013.05.31"]
[Round "3"]
[White "Silveira, Lucas Smith Soares"]
[Black "Cruz, Arquias Sofocles"]
[Result "0-1"]
[WhiteElo "1769"]
[BlackElo "1833"]
[PlyCount "84"]
[EventDate "2013.05.30"]
[EventType "swiss"]
[EventRounds "6"]
[EventCountry "BRA"]
[SourceTitle "EXT 2015"]
[Source "ChessBase"]
[SourceDate "2014.11.20"]
[SourceVersion "1"]
[SourceVersionDate "2014.11.20"]
[SourceQuality "1"]

1. d4 Nf6 2. g3 d5 3. Nf3 e6 4. Bg2 c5 5. Be3 b6 6. b3 Bb7 7. Nc3 Be7 8. a4 Nc6 9. Nb5 a6 10. Na3 0-0 11. c4 Ng4 12. Bf4 cxd4 13. cxd5 Qxd5 14. Nc4 Bc5 15. Bc7 b5 16. axb5 axb5 17. Rxa8 Bxa8 18. Nb6 Bxb6 19. Bxb6 Rb8 20. Bxd4 Nxd4 21. 0-0 Nxf3+ 22. Bxf3 Qxd1 23. Rxd1 Bxf3 24. exf3 Nf6 25. Kf1 Kf8 26. Ke2 Ke7 27. Ke3 Nd5+ 28. Kd4 Ra8 29. Kc5 Rc8+ 30. Kd4 Rc2 31. Ra1 Rb2 32. Ra7+ Kf6 33. Ra1 Rxb3 34. f4 Rb2 35. g4 Nxf4 36. Ke4 Nd5 37. g5+ Kxg5 38. h4+ Kf6 39. f4 Rb4+ 40. Kd3 Nxf4+ 41. Ke3 Nd5+ 42. Kd3 Rxh4 0-1

[Event "BRA-ch Amateur"]
[Site "Sao Paulo"]
[Date "2013.02.11"]
[Round "6"]
[White "Cruz, Arquias Sofocles"]
[Black "Goncalves, Leonardo Yamamoto"]
[Result "1/2-1/2"]
[WhiteElo "1812"]
[BlackElo "1961"]
[PlyCount "77"]
[EventDate "2013.02.09"]
[EventType "swiss"]
[EventRounds "7"]
[EventCountry "BRA"]
[SourceTitle "CBM 152 Extra"]
[Source "ChessBase"]
[SourceDate "2013.02.25"]
[SourceVersion "1"]
[SourceVersionDate "2013.02.25"]
[SourceQuality "1"]

1. e4 c5 2. Nf3 g6 3. c4 Nc6 4. d4 cxd4 5. Nxd4 Nf6 6. Nc3 Nxd4 7. Qxd4 d6 8. Be3 Bg7 9. Be2 0-0 10. Qd2 a5 11. a4 Be6 12. f3 Rc8 13. Nd5 Nd7 14. Rb1 Nc5 15. b3 Bxd5 16. exd5 Re8 17. 0-0 e6 18. dxe6 Rxe6 19. Bd3 Qh4 20. f4 Bc3 21. Qxc3 Rxe3 22. Rbd1 Rce8 23. Qc2 f5 24. Bxf5 Re2 25. Rd2 Rxd2 26. Qxd2 gxf5 27. Qxd6 Qe7 28. Qd5+ Kh8 29. Qd4+ Kg8 30. Qd5+ Kg7 31. Qxf5 Nxb3 32. Qg4+ Kh8 33. h3 Qe3+ 34. Kh2 Qe2 35. Qd7 Qe7 36. Qd1 Nc5 37. Qd4+ Kg8 38. Qd5+ Kg7 39. Rf3 1/2-1/2

[Event "BRA-ch Amateur"]
[Site "Sao Paulo"]
[Date "2013.02.10"]
[Round "4"]
[White "Cruz, Arquias Sofocles"]
[Black "Branchini, Fernando Luis Sakam"]
[Result "1-0"]
[WhiteElo "1812"]
[BlackElo "1976"]
[PlyCount "75"]
[EventDate "2013.02.09"]
[EventType "swiss"]
[EventRounds "7"]
[EventCountry "BRA"]
[SourceTitle "CBM 152 Extra"]
[Source "ChessBase"]
[SourceDate "2013.02.25"]
[SourceVersion "1"]
[SourceVersionDate "2013.02.25"]
[SourceQuality "1"]

1. e4 e6 2. d4 d5 3. Nd2 Nf6 4. e5 Nfd7 5. Bd3 c5 6. c3 Nc6 7. Ne2 cxd4 8. cxd4 Qb6 9. Nf3 f6 10. exf6 Nxf6 11. 0-0 Bd6 12. b3 0-0 13. Bf4 Bxf4 14. Nxf4 Ne4 15. Ne2 Nd6 16. Rc1 Nf5 17. Bb1 g6 18. h4 h5 19. Qd2 Qd8 20. Nf4 Qf6 21. Ne5 Nxh4 22. Nfxg6 Nxg6 23. Nxg6 Rf7 24. Rc3 Ne7 25. Rf3 Nf5 26. Bxf5 exf5 27. Rg3 Kh7 28. Qe2 Qxg6 29. Rxg6 Kxg6 30. Qe8 b6 31. Qg8+ Kf6 32. f4 Bb7 33. Qg5+ Ke6 34. Qg6+ Ke7 35. Re1+ Kf8 36. Qh6+ Kg8 37. Re6 Rg7 38. Rg6 1-0

[Event "Sao Bernardo do Campo LXSBC op 4th"]
[Site "Sao Bernardo do Campo"]
[Date "2012.07.15"]
[Round "6"]
[White "Cruz, Arquias Sofocles"]
[Black "Gomes, Rodrigo Sato"]
[Result "1-0"]
[WhiteElo "1810"]
[BlackElo "1692"]
[PlyCount "40"]
[EventDate "2012.07.13"]
[EventType "swiss"]
[EventRounds "6"]
[EventCountry "BRA"]
[SourceTitle "CBM 149 Extra"]
[Source "ChessBase"]
[SourceDate "2012.08.24"]
[SourceVersion "1"]
[SourceVersionDate "2012.08.24"]
[SourceQuality "1"]

1. e4 e5 2. Nc3 Nf6 3. f4 d6 4. Nf3 Nc6 5. Bb5 Bg4 6. 0-0 Be7 7. h3 Bxf3 8. Qxf3 0-0 9. Bxc6 bxc6 10. d3 Rb8 11. b3 Re8 12. Ne2 Nd7 13. Be3 a6 14. Rae1 d5 15. exd5 Bc5 16. Bxc5 Nxc5 17. Nc3 cxd5 18. fxe5 Qd7 19. Nxd5 c6 20. Nf4 Rxe5 1-0

[Event "Sao Bernardo do Campo LXSBC op 4th"]
[Site "Sao Bernardo do Campo"]
[Date "2012.07.13"]
[Round "2"]
[White "Cruz, Arquias Sofocles"]
[Black "Gotz, Klaus Seiji Furucho"]
[Result "0-1"]
[WhiteElo "1810"]
[BlackElo "2005"]
[PlyCount "84"]
[EventDate "2012.07.13"]
[EventType "swiss"]
[EventRounds "6"]
[EventCountry "BRA"]
[SourceTitle "CBM 149 Extra"]
[Source "ChessBase"]
[SourceDate "2012.08.24"]
[SourceVersion "1"]
[SourceVersionDate "2012.08.24"]
[SourceQuality "1"]

1. e4 c5 2. Nf3 g6 3. c4 Bg7 4. d4 cxd4 5. Nxd4 Nc6 6. Be3 Nf6 7. Nc3 Ng4 8. Qxg4 Nxd4 9. Qd1 e5 10. Bd3 0-0 11. 0-0 d6 12. Rc1 a6 13. b4 Be6 14. a3 Qh4 15. f4 exf4 16. Bxf4 Be5 17. g3 Qh3 18. Be2 Rfe8 19. Nd5 Bxd5 20. Bg4 Bxf4 21. Bxh3 Be3+ 22. Kh1 Bxe4+ 23. Bg2 Bxg2+ 24. Kxg2 Bxc1 25. Qxc1 Re2+ 26. Kh1 Nf5 27. Qf4 Rf8 28. Qf3 Re7 29. g4 Ng7 30. Qd5 Rc7 31. Qxd6 Rxc4 32. Qd7 b5 33. h4 h5 34. Rg1 Ne6 35. gxh5 Rxh4+ 36. Kg2 Rxh5 37. Kf1 Rf5+ 38. Ke1 Re5+ 39. Kf1 Rd8 40. Qe7 Rd1+ 41. Kf2 Rd2+ 42. Kf1 Kg7 0-1

[Event "Sao Bernardo do Campo LXSBC op 4th"]
[Site "Sao Bernardo do Campo"]
[Date "2012.07.13"]
[Round "1"]
[White "De Souza, Agnes Ferreira"]
[Black "Cruz, Arquias Sofocles"]
[Result "0-1"]
[WhiteElo "1800"]
[BlackElo "1810"]
[PlyCount "76"]
[EventDate "2012.07.13"]
[EventType "swiss"]
[EventRounds "6"]
[EventCountry "BRA"]
[SourceTitle "CBM 149 Extra"]
[Source "ChessBase"]
[SourceDate "2012.08.24"]
[SourceVersion "1"]
[SourceVersionDate "2012.08.24"]
[SourceQuality "1"]

1. e4 e5 2. f4 exf4 3. Nf3 Be7 4. d4 Nf6 5. Nc3 d5 6. e5 Ne4 7. Bd3 Bh4+ 8. Ke2 Nf2 9. Qd2 Nxh1 10. Qxf4 Nf2 11. Nxh4 Nxd3 12. cxd3 Nc6 13. Bd2 0-0 14. Rf1 f6 15. Qg3 Nxd4+ 16. Kd1 fxe5 17. Re1 Nf5 18. Nxf5 Bxf5 19. Rxe5 c6 20. Kc2 Qd7 21. Re1 Rae8 22. Rd1 d4 23. Ne4 Qd5 24. Kb1 Bxe4 25. dxe4 Qxe4+ 26. Ka1 Qe2 27. Qb3+ Kh8 28. a3 Rf1 29. Rxf1 Qxf1+ 30. Ka2 Qxg2 31. Bc1 Qd5 32. h3 d3 33. Qxd5 cxd5 34. Kb3 Rc8 35. Bd2 d4 36. h4 b6 37. a4 a5 38. Be3 dxe3 0-1